Ciudades más pobladas por continente. - Estadísticas

Estadísticas generales
  • Esta prueba ha sido intentada 144 veces
  • La puntuación promedio es 13 de 15
Estadísticas de respuestas
Hint Respuesta % Correcto
Rusia 12.4 M Moscú
100%
Francia 10.9 M París
100%
Ámerica México 23.5 M Ciudad de México
99%
África Egipto 20.0 M El Cairo
98%
Europa Turquía 14.7 M Estambul
96%
Estados Unidos 18.8 M Nueva York
96%
Brasil 21.6 M Sao Paulo
96%
Asia Japón 37.4 M Tokio
96%
India 28.5 M Nueva Delhi
95%
Oceanía Australia 4.7 M Sidney
90%
Australia 4.7 M Melbourne
83%
China 25.5 M Shanghái
82%
Nigeria 13.4 M Lagos
72%
República Democratica del Congo 13.1 M Kinsasa
65%
Australia 2.3 M Brisbane
53%
No se encontraron pruebas coincidentes
Distribución de puntuación
Porcentaje de gente con cada puntuación
Porcentaje por número respondido
Historial de tus puntuaciones
No has intentado esta prueba.